000 00725cam a22002533a 4500
001 6997
003 PGUSA
005 20140828083139.0
008 041101s2004||||xxu|||||s|||||000 1 eng d
040 _aPGUSA
_beng
042 _adc
050 4 _aPS
100 1 _aWright, Harold Bell,
_d1872-1944
245 1 4 _aThe Winning of Barbara Worth
_h[electronic resource] /
_cHarold Bell Wright
260 _bProject Gutenberg,
_c2004
506 _aPublic domain in the USA.
516 _aElectronic text
653 _aWestern stories
653 _aDesert reclamation -- California -- Fiction
653 _aLove stories
830 0 _aProject Gutenberg
_v6997
856 4 0 _uhttp://www.gutenberg.org/ebooks/6997
942 _cEB
999 _c236317
_d236317